Statistiche per Quiz sulla Croazia

Clicka qui per fare il quiz!

Statistiche generali

  • Questo quiz è stato fatto 1.642 volte
  • Il punteggio medio è 12 su 18

Statistiche sulle risposte

DomandaRisposta% Corretto
CapitaleZagabria
95%
Mare che bagna la CroaziaAdriatico
92%
Paese con cui la Croazia
condivide il suo confine più lungo
Bosnia ed
Erzegovina
89%
Stato di cui ha fatto parte dal 1918 al 1991Jugoslavia
89%
La Croazia ne fa parte dal 2013Unione Europea
88%
Penisola di cui fa parte la CroaziaBalcanica
80%
Penisola parte della Croazia più volte rivendicata dall'ItaliaIstria
74%
Città italiana che controllava la maggior parte della
costa croata nel Medioevo
Venezia
74%
Calciatore che ha vinto il Pallone d'Oro nel 2018Luka Modrić
70%
ValutaEuro
69%
La catena montuosa della Croazia{Alpi} Dinariche
64%
Storica regione nel sud del Paese
(Indizio: pensa ad una razza di cani)
Dalmazia
61%
Codice nazionale (due lettere)hr
59%
Seconda città più grandeSpalato
55%
Inventore, fisico e ingegnere la cui origine è contesa tra Croazia e SerbiaNikola Tesla
54%
Città murata, precedentemente chiamata Ragusa,
patrimonio mondiale dell'Unesco
Dubrovnik
42%
Imperatore romano che costruì
un palazzo nella città sopracitata
Diocleziano
31%
Accessorio dell'abbigliamento che si dice sia stato inventato
dai soldati croati
Cravatta
22%

Distribuzione punteggi

Percentile per numero di risposta

Percentuale di utenti per punteggio

I tuoi punteggi nel tempo

Non hai fatto questo quiz